[Event "Deutsche Ländermeisterschaft 2025"]
[Site "Oer-Erkenschwick GER"]
[Date "2025.10.05"]
[Round "7"]
[White "Tietz, Bennit"]
[Black "Großmann, Piet"]
[Result "1/2-1/2"]
[Termination "normal"]
[Board "9.2"]
[WhiteElo "2036"]
[BlackElo "2077"]
[WhiteClock "00:03:14"]
[BlackClock "00:06:04"]
[WhiteTeam "Hamburg 2"]
[BlackTeam "Mecklenburg-Vorpommern"]
[PlyCount "121"]
[WhiteFideId "16286936"]
[BlackFideId "16234359"]
[EventCountry "GER"]
[EventRounds "7"]
[EventType "team-swiss"]
[EventDate "2025.09.30"]

1. e4 {[%clk 01:30:56]} {[%emt 00:00:05]} e6 {[%clk 01:30:55]} {[%emt
00:00:04]} 2. d4 {[%clk 01:31:22]} {[%emt 00:00:04]} d5 {[%clk 01:31:22]}
{[%emt 00:00:03]} 3. Nc3 {[%clk 01:31:46]} {[%emt 00:00:06]} Bb4 {[%clk
01:31:21]} {[%emt 00:00:31]} 4. e5 {[%clk 01:31:42]} {[%emt 00:00:34]} c5
{[%clk 01:31:46]} {[%emt 00:00:05]} 5. Bd2 {[%clk 01:31:57]} {[%emt 00:00:15]}
Ne7 {[%clk 01:19:16]} {[%emt 00:13:00]} 6. a3 {[%clk 01:31:24]} {[%emt
00:01:03]} Bxc3 {[%clk 01:18:37]} {[%emt 00:01:09]} 7. bxc3 {[%clk 01:31:43]}
{[%emt 00:00:11]} Nbc6 {[%clk 01:07:53]} {[%emt 00:11:14]} 8. Qg4 {[%clk
01:31:15]} {[%emt 00:00:58]} O-O {[%clk 01:08:15]} {[%emt 00:00:08]} 9. Bd3
{[%clk 01:28:34]} {[%emt 00:03:10]} f5 {[%clk 01:01:37]} {[%emt 00:07:08]} 10.
exf6 {[%clk 01:13:59]} {[%emt 00:15:06]} Rxf6 {[%clk 01:02:01]} {[%emt
00:00:06]} 11. Bg5 {[%clk 01:05:31]} {[%emt 00:08:57]} Rf7 {[%clk 01:01:49]}
{[%emt 00:00:42]} 12. Qh4 {[%clk 00:50:09]} {[%emt 00:15:52]} g6 {[%clk
01:02:12]} {[%emt 00:00:07]} 13. Nf3 {[%clk 00:48:07]} {[%emt 00:02:33]} Qa5
{[%clk 00:57:45]} {[%emt 00:04:56]} 14. O-O {[%clk 00:41:00]} {[%emt 00:07:37]}
Nf5 {[%clk 00:57:13]} {[%emt 00:01:02]} 15. Bxf5 {[%clk 00:34:19]} {[%emt
00:07:12]} Rxf5 {[%clk 00:57:36]} {[%emt 00:00:07]} 16. Ne5 {[%clk 00:27:38]}
{[%emt 00:07:10]} Nxe5 {[%clk 00:34:24]} {[%emt 00:23:42]} 17. dxe5 {[%clk
00:27:02]} {[%emt 00:01:06]} Qxc3 {[%clk 00:34:12]} {[%emt 00:00:42]} 18. Bf6
{[%clk 00:24:06]} {[%emt 00:03:26]} Rh5 {[%clk 00:32:58]} {[%emt 00:01:43]} 19.
Qa4 {[%clk 00:23:10]} {[%emt 00:01:27]} Kf7 {[%clk 00:33:19]} {[%emt 00:00:10]}
20. Rab1 {[%clk 00:19:26]} {[%emt 00:04:13]} Rxe5 {[%clk 00:21:31]} {[%emt
00:12:18]} 21. Bxe5 {[%clk 00:19:03]} {[%emt 00:00:54]} Qxe5 {[%clk 00:21:36]}
{[%emt 00:00:24]} 22. Qh4 {[%clk 00:16:17]} {[%emt 00:03:16]} Qg7 {[%clk
00:17:28]} {[%emt 00:04:37]} 23. Rfe1 {[%clk 00:11:58]} {[%emt 00:04:49]} b6
{[%clk 00:15:43]} {[%emt 00:02:16]} 24. Qd8 {[%clk 00:04:01]} {[%emt 00:08:27]}
Qf8 {[%clk 00:15:27]} {[%emt 00:00:46]} 25. Qc7+ {[%clk 00:03:34]} {[%emt
00:00:58]} Qe7 {[%clk 00:15:51]} {[%emt 00:00:06]} 26. Qf4+ {[%clk 00:03:56]}
{[%emt 00:00:08]} Qf6 {[%clk 00:13:40]} {[%emt 00:02:41]} 27. Qc7+ {[%clk
00:04:16]} {[%emt 00:00:10]} Qe7 {[%clk 00:12:56]} {[%emt 00:01:14]} 28. Qf4+
{[%clk 00:03:48]} {[%emt 00:00:58]} Qf6 {[%clk 00:10:35]} {[%emt 00:02:50]} 29.
Qd6 {[%clk 00:04:17]} Qe7 {[%clk 00:10:48]} {[%emt 00:00:17]} 30. Qe5 {[%clk
00:04:46]} {[%emt 00:00:01]} Qf6 {[%clk 00:10:53]} {[%emt 00:00:24]} 31. Qd6
{[%clk 00:05:00]} {[%emt 00:00:17]} Qe7 {[%clk 00:11:19]} {[%emt 00:00:05]} 32.
Qe5 {[%clk 00:05:28]} {[%emt 00:00:03]} Qf6 {[%clk 00:11:40]} {[%emt 00:00:07]}
33. Rb3 {[%clk 00:05:52]} {[%emt 00:00:06]} Qxe5 {[%clk 00:11:59]} {[%emt
00:00:11]} 34. Rxe5 {[%clk 00:06:20]} {[%emt 00:00:02]} Bd7 {[%clk 00:11:54]}
{[%emt 00:00:35]} 35. Rf3+ {[%clk 00:06:35]} {[%emt 00:00:16]} Kg7 {[%clk
00:11:22]} {[%emt 00:01:02]} 36. c3 {[%clk 00:06:36]} {[%emt 00:00:30]} b5
{[%clk 00:10:33]} {[%emt 00:01:18]} 37. h4 {[%emt 00:01:55]} Rb8 {[%clk
00:01:19]} {[%emt 00:08:32]} 38. Rf4 {[%clk 00:05:43]} {[%emt 00:01:09]} a5
{[%clk 00:01:06]} {[%emt 00:00:43]} 39. Re3 {[%clk 00:05:36]} {[%emt 00:00:38]}
Rf8 {[%clk 00:00:47]} {[%emt 00:00:48]} 40. Rxf8 {[%clk 00:04:47]} {[%emt
00:01:19]} Kxf8 {[%clk 00:01:11]} {[%emt 00:00:06]} 41. f4 {[%clk 00:14:54]}
{[%emt 00:20:23]} Ke7 {[%clk 00:29:46]} {[%emt 00:01:55]} 42. Kf2 {[%clk
00:14:46]} {[%emt 00:00:39]} Bc6 {[%clk 00:29:37]} {[%emt 00:00:38]} 43. Re5
{[%clk 00:11:12]} {[%emt 00:04:05]} Kf6 {[%clk 00:28:39]} {[%emt 00:01:27]} 44.
h5 {[%clk 00:10:02]} {[%emt 00:01:40]} Be8 {[%clk 00:27:07]} {[%emt 00:02:02]}
45. hxg6 {[%clk 00:08:21]} {[%emt 00:02:12]} Bxg6 {[%clk 00:25:03]} {[%emt
00:02:33]} 46. g4 {[%clk 00:08:38]} {[%emt 00:00:13]} Bc2 {[%clk 00:11:40]}
{[%emt 00:13:53]} 47. Re2 {[%clk 00:06:38]} {[%emt 00:02:30]} Bd3 {[%clk
00:08:21]} {[%emt 00:03:49]} 48. Rb2 {[%clk 00:05:10]} {[%emt 00:01:58]} e5
{[%clk 00:04:36]} {[%emt 00:04:14]} 49. Ke3 {[%clk 00:05:39]} Bc4 {[%clk
00:04:56]} {[%emt 00:00:11]} 50. Rh2 {[%clk 00:02:56]} {[%emt 00:03:13]} exf4+
{[%clk 00:04:24]} {[%emt 00:01:02]} 51. Kxf4 {[%clk 00:03:05]} {[%emt
00:00:22]} Kg6 {[%clk 00:04:39]} {[%emt 00:00:14]} 52. g5 {[%clk 00:02:00]}
{[%emt 00:01:35]} b4 {[%clk 00:04:42]} {[%emt 00:00:27]} 53. axb4 {[%clk
00:01:51]} {[%emt 00:00:40]} axb4 {[%clk 00:04:37]} {[%emt 00:00:34]} 54. cxb4
{[%clk 00:02:16]} {[%emt 00:00:05]} cxb4 {[%clk 00:05:04]} {[%emt 00:00:04]}
55. Rh6+ {[%clk 00:02:43]} {[%emt 00:00:03]} Kg7 {[%clk 00:05:27]} {[%emt
00:00:07]} 56. Rb6 {[%clk 00:03:02]} {[%emt 00:00:11]} b3 {[%clk 00:05:36]}
{[%emt 00:00:20]} 57. Rb7+ {[%clk 00:03:06]} {[%emt 00:00:26]} Kg6 {[%clk
00:05:54]} {[%emt 00:00:12]} 58. Rb6+ {[%clk 00:03:25]} {[%emt 00:00:11]} Kg7
{[%clk 00:05:22]} {[%emt 00:01:01]} 59. Rb7+ {[%clk 00:03:33]} {[%emt
00:00:23]} Kg6 {[%clk 00:05:46]} {[%emt 00:00:06]} 60. Rb6+ {[%clk 00:03:14]}
{[%emt 00:00:49]} Kg7 {[%clk 00:06:04]} {[%emt 00:00:12]} 61. Ke4 {[%emt
00:00:56]} 1/2-1/2

[Event "Deutsche Ländermeisterschaft 2025"]
[Site "Oer-Erkenschwick GER"]
[Date "2025.10.05"]
[Round "7"]
[White "Krause, Enrico"]
[Black "Derhay, Davyd"]
[Result "1/2-1/2"]
[Termination "normal"]
[Board "9.3"]
[WhiteElo "1892"]
[BlackElo "1756"]
[WhiteClock "00:15:39"]
[BlackClock "00:48:54"]
[WhiteTeam "Mecklenburg-Vorpommern"]
[BlackTeam "Hamburg 2"]
[PlyCount "99"]
[WhiteFideId "34618490"]
[BlackFideId "34130624"]
[EventCountry "GER"]
[EventRounds "7"]
[EventType "team-swiss"]
[EventDate "2025.09.30"]

1. c4 {[%clk 01:30:57]} {[%emt 00:00:03]} c6 {[%clk 01:29:56]} {[%emt
00:01:04]} 2. Nc3 {[%clk 01:31:20]} {[%emt 00:00:08]} d5 {[%clk 01:29:09]}
{[%emt 00:01:17]} 3. cxd5 {[%clk 01:31:46]} {[%emt 00:00:04]} cxd5 {[%clk
01:29:34]} {[%emt 00:00:05]} 4. d4 {[%clk 01:32:12]} {[%emt 00:00:04]} Nf6
{[%clk 01:29:50]} {[%emt 00:00:14]} 5. Bf4 {[%clk 01:32:18]} {[%emt 00:00:23]}
Nc6 {[%clk 01:30:11]} {[%emt 00:00:09]} 6. Nf3 {[%clk 01:32:19]} {[%emt
00:00:30]} e6 {[%clk 01:29:57]} {[%emt 00:00:44]} 7. e3 {[%clk 01:30:28]}
{[%emt 00:02:20]} a6 {[%clk 01:30:08]} {[%emt 00:00:19]} 8. Be2 {[%clk
01:29:00]} {[%emt 00:01:58]} Be7 {[%clk 01:29:38]} {[%emt 00:01:00]} 9. O-O
{[%clk 01:28:26]} {[%emt 00:01:04]} O-O {[%clk 01:22:55]} {[%emt 00:07:13]} 10.
Rc1 {[%clk 01:27:18]} {[%emt 00:01:38]} Nh5 {[%clk 01:18:45]} {[%emt 00:04:40]}
11. Bg3 {[%clk 01:21:50]} {[%emt 00:05:58]} Nxg3 {[%clk 01:18:52]} {[%emt
00:00:23]} 12. hxg3 {[%clk 01:22:16]} {[%emt 00:00:05]} Bd6 {[%clk 01:15:41]}
{[%emt 00:03:41]} 13. a3 {[%clk 01:15:24]} {[%emt 00:07:22]} Bd7 {[%clk
01:11:46]} {[%emt 00:04:25]} 14. Na4 {[%clk 01:06:14]} {[%emt 00:09:40]} b5
{[%clk 01:00:16]} {[%emt 00:11:59]} 15. Nc5 {[%clk 01:05:46]} {[%emt 00:00:58]}
Bxc5 {[%clk 00:59:55]} {[%emt 00:00:52]} 16. Rxc5 {[%clk 01:04:36]} {[%emt
00:01:40]} Na5 {[%clk 00:51:01]} {[%emt 00:09:23]} 17. Qc2 {[%clk 00:55:54]}
{[%emt 00:09:12]} Rc8 {[%clk 00:48:52]} {[%emt 00:02:38]} 18. Rc1 {[%clk
00:54:43]} {[%emt 00:01:42]} Rxc5 {[%clk 00:48:41]} {[%emt 00:00:41]} 19. dxc5
{[%clk 00:55:05]} {[%emt 00:00:08]} Qc7 {[%clk 00:48:09]} {[%emt 00:01:02]} 20.
Bd3 {[%clk 00:50:46]} {[%emt 00:04:50]} h6 {[%clk 00:44:16]} {[%emt 00:04:23]}
21. Qc3 {[%clk 00:45:15]} {[%emt 00:06:00]} Rc8 {[%clk 00:41:12]} {[%emt
00:03:34]} 22. b3 {[%clk 00:17:23]} {[%emt 00:28:23]} Rb8 {[%clk 00:34:55]}
{[%emt 00:06:46]} 23. b4 {[%clk 00:17:26]} {[%emt 00:00:27]} Nc4 {[%clk
00:34:40]} {[%emt 00:00:45]} 24. Bxc4 {[%clk 00:17:39]} {[%emt 00:00:18]} bxc4
{[%clk 00:32:48]} {[%emt 00:02:21]} 25. Qe5 {[%clk 00:18:03]} {[%emt 00:00:05]}
Qxe5 {[%clk 00:31:17]} {[%emt 00:02:01]} 26. Nxe5 {[%clk 00:18:29]} {[%emt
00:00:05]} Bb5 {[%clk 00:31:36]} {[%emt 00:00:11]} 27. e4 {[%clk 00:16:49]}
{[%emt 00:02:10]} Rd8 {[%clk 00:30:26]} {[%emt 00:01:39]} 28. exd5 {[%clk
00:15:58]} {[%emt 00:01:22]} exd5 {[%clk 00:30:49]} {[%emt 00:00:07]} 29. f4
{[%clk 00:13:05]} {[%emt 00:03:23]} f6 {[%clk 00:25:38]} {[%emt 00:05:40]} 30.
Nf3 {[%clk 00:13:10]} {[%emt 00:00:25]} d4 {[%clk 00:25:15]} {[%emt 00:00:53]}
31. a4 {[%clk 00:13:17]} {[%emt 00:00:23]} Bxa4 {[%clk 00:25:22]} {[%emt
00:00:22]} 32. Rxc4 {[%clk 00:13:41]} {[%emt 00:00:06]} d3 {[%clk 00:25:35]}
{[%emt 00:00:17]} 33. Nd2 {[%clk 00:12:32]} {[%emt 00:01:39]} Bb5 {[%clk
00:25:12]} {[%emt 00:00:53]} 34. Re4 {[%clk 00:09:29]} {[%emt 00:03:34]} Kf7
{[%clk 00:24:27]} {[%emt 00:01:15]} 35. g4 {[%clk 00:07:33]} {[%emt 00:02:26]}
Bc6 {[%clk 00:22:57]} {[%emt 00:02:00]} 36. Rc4 {[%clk 00:05:25]} {[%emt
00:02:38]} Ke6 {[%clk 00:21:00]} {[%emt 00:02:27]} 37. Kf2 {[%clk 00:03:27]}
{[%emt 00:02:28]} Kd5 {[%clk 00:21:14]} {[%emt 00:00:15]} 38. Re4 {[%clk
00:02:12]} {[%emt 00:01:45]} Re8 {[%clk 00:20:23]} {[%emt 00:01:21]} 39. Rxe8
{[%clk 00:02:15]} {[%emt 00:00:28]} Bxe8 {[%clk 00:20:49]} {[%emt 00:00:04]}
40. Ke3 {[%clk 00:02:38]} {[%emt 00:00:06]} Bb5 {[%clk 00:21:13]} {[%emt
00:00:06]} 41. f5 {[%clk 00:26:38]} {[%emt 00:06:31]} a5 {[%clk 00:48:25]}
{[%emt 00:03:17]} 42. bxa5 {[%clk 00:26:49]} {[%emt 00:00:19]} Kxc5 {[%clk
00:48:51]} {[%emt 00:00:05]} 43. Ne4+ {[%clk 00:25:05]} {[%emt 00:02:14]} Kb4
{[%clk 00:48:13]} {[%emt 00:01:07]} 44. Nd6 {[%clk 00:23:07]} {[%emt 00:02:27]}
Kxa5 {[%clk 00:48:23]} {[%emt 00:00:21]} 45. Nxb5 {[%clk 00:19:38]} {[%emt
00:04:00]} Kxb5 {[%clk 00:48:41]} {[%emt 00:00:12]} 46. Kxd3 {[%clk 00:20:05]}
{[%emt 00:00:03]} Kc5 {[%clk 00:49:02]} {[%emt 00:00:08]} 47. Kc3 {[%clk
00:14:27]} {[%emt 00:06:08]} Kd5 {[%clk 00:49:18]} {[%emt 00:00:14]} 48. Kd3
{[%clk 00:14:52]} {[%emt 00:00:06]} Ke5 {[%clk 00:48:44]} {[%emt 00:01:04]} 49.
Ke3 {[%clk 00:15:15]} {[%emt 00:00:07]} Kd5 {[%clk 00:48:54]} {[%emt 00:00:19]}
50. Kd3 {[%clk 00:15:39]} {[%emt 00:00:05]} 1/2-1/2

[Event "Deutsche Ländermeisterschaft 2025"]
[Site "Oer-Erkenschwick GER"]
[Date "2025.10.05"]
[Round "7"]
[White "Böhler, Yannic"]
[Black "Schröder, Hannes Artur"]
[Result "1-0"]
[Termination "normal"]
[Board "9.4"]
[WhiteElo "1848"]
[BlackElo "1826"]
[WhiteClock "00:10:49"]
[BlackClock "00:14:24"]
[WhiteTeam "Hamburg 2"]
[BlackTeam "Mecklenburg-Vorpommern"]
[PlyCount "95"]
[WhiteFideId "34609059"]
[BlackFideId "34608818"]
[EventCountry "GER"]
[EventRounds "7"]
[EventType "team-swiss"]
[EventDate "2025.09.30"]

1. c4 {[%clk 01:30:58]} {[%emt 00:00:02]} e6 {[%clk 01:30:54]} {[%emt
00:00:06]} 2. g3 {[%clk 01:31:26]} {[%emt 00:00:03]} d5 {[%clk 01:31:20]}
{[%emt 00:00:04]} 3. Bg2 {[%clk 01:31:54]} {[%emt 00:00:02]} Nf6 {[%clk
01:31:45]} {[%emt 00:00:05]} 4. Nf3 {[%clk 01:32:22]} {[%emt 00:00:02]} Be7
{[%clk 01:32:02]} {[%emt 00:00:12]} 5. O-O {[%clk 01:32:50]} {[%emt 00:00:02]}
O-O {[%clk 01:32:18]} {[%emt 00:00:13]} 6. b3 {[%clk 01:33:19]} {[%emt
00:00:02]} c6 {[%clk 01:32:23]} {[%emt 00:00:25]} 7. Bb2 {[%clk 01:33:47]}
{[%emt 00:00:01]} b6 {[%clk 01:32:24]} {[%emt 00:00:28]} 8. e3 {[%clk
01:34:16]} {[%emt 00:00:02]} Ba6 {[%clk 01:30:55]} {[%emt 00:02:00]} 9. d3
{[%clk 01:34:24]} {[%emt 00:00:21]} Nbd7 {[%clk 01:25:18]} {[%emt 00:06:08]}
10. Nc3 {[%clk 01:31:00]} {[%emt 00:03:54]} Rc8 {[%clk 01:15:50]} {[%emt
00:09:58]} 11. Qe2 {[%clk 01:21:21]} {[%emt 00:10:09]} Qc7 {[%clk 01:11:44]}
{[%emt 00:04:36]} 12. Ne1 {[%clk 01:15:31]} {[%emt 00:06:20]} Rfd8 {[%clk
01:06:00]} {[%emt 00:06:15]} 13. f4 {[%clk 01:14:11]} {[%emt 00:01:49]} b5
{[%clk 01:02:02]} {[%emt 00:04:28]} 14. cxb5 {[%clk 01:02:05]} {[%emt
00:12:37]} cxb5 {[%clk 01:01:32]} {[%emt 00:01:00]} 15. Qd2 {[%clk 00:59:38]}
{[%emt 00:02:55]} Qb6 {[%clk 00:51:21]} {[%emt 00:10:43]} 16. Ne2 {[%clk
00:56:42]} {[%emt 00:03:25]} Rc7 {[%clk 00:45:43]} {[%emt 00:06:09]} 17. b4
{[%clk 00:51:29]} {[%emt 00:05:42]} Ne8 {[%clk 00:31:53]} {[%emt 00:14:20]} 18.
Nd4 {[%clk 00:47:27]} {[%emt 00:04:31]} Bb7 {[%clk 00:26:19]} {[%emt 00:06:05]}
19. Nef3 {[%clk 00:44:16]} {[%emt 00:03:41]} Rdc8 {[%clk 00:22:23]} {[%emt
00:04:26]} 20. a3 {[%clk 00:34:44]} {[%emt 00:10:03]} a6 {[%clk 00:18:57]}
{[%emt 00:03:56]} 21. Bh3 {[%clk 00:26:28]} {[%emt 00:08:44]} Ba8 {[%clk
00:14:07]} {[%emt 00:05:21]} 22. g4 {[%clk 00:24:41]} {[%emt 00:02:17]} f6
{[%clk 00:10:29]} {[%emt 00:04:08]} 23. g5 {[%clk 00:22:18]} {[%emt 00:02:53]}
f5 {[%clk 00:10:35]} {[%emt 00:00:24]} 24. Rfe1 {[%clk 00:19:18]} {[%emt
00:03:29]} Nf8 {[%clk 00:10:09]} {[%emt 00:00:57]} 25. Qd1 {[%clk 00:17:34]}
{[%emt 00:02:14]} a5 {[%clk 00:08:55]} {[%emt 00:01:44]} 26. Qb3 {[%clk
00:16:25]} {[%emt 00:01:38]} a4 {[%clk 00:07:14]} {[%emt 00:02:12]} 27. Qa2
{[%clk 00:15:16]} {[%emt 00:01:40]} Nd6 {[%clk 00:06:20]} {[%emt 00:01:22]} 28.
Ne5 {[%clk 00:13:12]} {[%emt 00:02:35]} Nf7 {[%clk 00:04:58]} {[%emt 00:01:52]}
29. Nxf7 {[%clk 00:12:13]} {[%emt 00:01:30]} Kxf7 {[%clk 00:05:22]} {[%emt
00:00:05]} 30. Rad1 {[%clk 00:10:28]} {[%emt 00:02:14]} Bb7 {[%clk 00:04:07]}
{[%emt 00:01:46]} 31. Ba1 {[%clk 00:10:35]} {[%emt 00:00:23]} Ba8 {[%clk
00:03:39]} {[%emt 00:00:58]} 32. Qb2 {[%clk 00:10:46]} {[%emt 00:00:18]} Ke8
{[%clk 00:03:09]} {[%emt 00:01:01]} 33. Re2 {[%clk 00:08:32]} {[%emt 00:02:44]}
g6 {[%clk 00:02:28]} {[%emt 00:01:11]} 34. Bg2 {[%clk 00:08:54]} {[%emt
00:00:07]} Bc6 {[%clk 00:01:50]} {[%emt 00:01:08]} 35. Kh1 {[%clk 00:06:32]}
{[%emt 00:02:52]} Bd7 {[%clk 00:01:36]} {[%emt 00:00:45]} 36. e4 {[%clk
00:02:56]} {[%emt 00:04:06]} dxe4 {[%clk 00:01:26]} {[%emt 00:00:39]} 37. dxe4
{[%clk 00:03:24]} {[%emt 00:00:02]} Qd6 {[%clk 00:01:13]} {[%emt 00:00:43]} 38.
exf5 {[%clk 00:01:50]} {[%emt 00:02:04]} gxf5 {[%clk 00:01:13]} {[%emt
00:00:30]} 39. Qd2 {[%clk 00:01:21]} {[%emt 00:00:59]} Rc4 {[%clk 00:01:03]}
{[%emt 00:00:40]} 40. Bf3 {[%clk 00:00:33]} {[%emt 00:01:19]} Qc7 {[%clk
00:00:35]} {[%emt 00:00:56]} 41. Bb2 {[%clk 00:20:02]} {[%emt 00:11:02]} Ng6
{[%clk 00:20:57]} {[%emt 00:10:08]} 42. Nxe6 {[%clk 00:10:04]} {[%emt
00:10:28]} Bxe6 {[%clk 00:21:07]} {[%emt 00:00:20]} 43. Rxe6 {[%clk 00:10:23]}
{[%emt 00:00:12]} Rc2 {[%clk 00:19:05]} {[%emt 00:02:32]} 44. Qd4 {[%clk
00:10:35]} {[%emt 00:00:17]} Qxf4 {[%clk 00:18:31]} {[%emt 00:01:05]} 45. Rxe7+
{[%clk 00:10:36]} {[%emt 00:00:30]} Nxe7 {[%clk 00:15:07]} {[%emt 00:03:54]}
46. Qxf4 {[%clk 00:11:03]} {[%emt 00:00:02]} Rxb2 {[%clk 00:15:18]} {[%emt
00:00:19]} 47. Qe5 {[%clk 00:10:27]} {[%emt 00:01:05]} Rcc2 {[%clk 00:14:24]}
{[%emt 00:01:24]} 48. Re1 {[%clk 00:10:49]} {[%emt 00:00:08]} 1-0

[Event "Deutsche Ländermeisterschaft 2025"]
[Site "Oer-Erkenschwick GER"]
[Date "2025.10.05"]
[Round "7"]
[White "Wilke, Ronja"]
[Black "Busch, Jonathan Luis"]
[Result "1/2-1/2"]
[Termination "normal"]
[Board "9.5"]
[WhiteElo "1671"]
[BlackElo "1754"]
[WhiteClock "00:25:12"]
[BlackClock "00:01:33"]
[WhiteTeam "Mecklenburg-Vorpommern"]
[BlackTeam "Hamburg 2"]
[PlyCount "91"]
[WhiteFideId "16288378"]
[BlackFideId "34664874"]
[EventCountry "GER"]
[EventRounds "7"]
[EventType "team-swiss"]
[EventDate "2025.09.30"]

1. e4 {[%clk 01:30:58]} {[%emt 00:00:02]} e5 {[%clk 01:30:54]} {[%emt
00:00:06]} 2. Nf3 {[%clk 01:31:23]} {[%emt 00:00:05]} Nc6 {[%clk 01:31:16]}
{[%emt 00:00:07]} 3. Bc4 {[%clk 01:31:46]} {[%emt 00:00:07]} Bc5 {[%clk
01:31:35]} {[%emt 00:00:11]} 4. c3 {[%clk 01:32:09]} {[%emt 00:00:07]} Nf6
{[%clk 01:32:00]} {[%emt 00:00:05]} 5. d4 {[%clk 01:32:33]} {[%emt 00:00:07]}
exd4 {[%clk 01:32:24]} {[%emt 00:00:06]} 6. e5 {[%clk 01:32:56]} {[%emt
00:00:06]} d5 {[%clk 01:32:49]} {[%emt 00:00:05]} 7. Bb5 {[%clk 01:33:19]}
{[%emt 00:00:07]} Ne4 {[%clk 01:33:09]} {[%emt 00:00:10]} 8. cxd4 {[%clk
01:33:41]} {[%emt 00:00:07]} Bb4+ {[%clk 01:32:50]} {[%emt 00:00:49]} 9. Bd2
{[%clk 01:33:57]} {[%emt 00:00:15]} Nxd2 {[%clk 01:33:12]} {[%emt 00:00:07]}
10. Nbxd2 {[%clk 01:34:12]} {[%emt 00:00:16]} O-O {[%clk 01:33:07]} {[%emt
00:00:33]} 11. O-O {[%clk 01:28:47]} {[%emt 00:05:57]} Ne7 {[%clk 01:33:15]}
{[%emt 00:00:22]} 12. a3 {[%clk 01:16:14]} {[%emt 00:13:03]} Ba5 {[%clk
01:33:01]} {[%emt 00:00:44]} 13. b4 {[%clk 01:15:23]} {[%emt 00:01:21]} Bb6
{[%clk 01:33:05]} {[%emt 00:00:25]} 14. Nb3 {[%clk 01:14:47]} {[%emt 00:01:08]}
c6 {[%clk 01:32:36]} {[%emt 00:00:57]} 15. Be2 {[%clk 01:13:33]} {[%emt
00:01:46]} Ng6 {[%clk 01:32:46]} {[%emt 00:00:19]} 16. Qd2 {[%clk 01:12:09]}
{[%emt 00:01:55]} Re8 {[%clk 01:17:43]} {[%emt 00:15:33]} 17. Rfe1 {[%clk
01:09:28]} {[%emt 00:03:12]} Bc7 {[%clk 01:06:33]} {[%emt 00:11:39]} 18. h3
{[%clk 01:07:10]} {[%emt 00:02:45]} b6 {[%clk 01:05:33]} {[%emt 00:01:34]} 19.
Rac1 {[%clk 01:06:42]} {[%emt 00:00:58]} Bb7 {[%clk 01:05:26]} {[%emt
00:00:35]} 20. a4 {[%clk 01:04:44]} {[%emt 00:02:29]} Rc8 {[%clk 01:01:24]}
{[%emt 00:04:32]} 21. Nh2 {[%clk 00:56:09]} {[%emt 00:09:05]} Nf8 {[%clk
00:57:19]} {[%emt 00:04:36]} 22. Bg4 {[%clk 00:53:51]} {[%emt 00:02:48]} Ne6
{[%clk 00:52:20]} {[%emt 00:05:29]} 23. Rc3 {[%clk 00:48:20]} {[%emt 00:06:00]}
Qe7 {[%clk 00:47:17]} {[%emt 00:05:31]} 24. Rg3 {[%clk 00:44:31]} {[%emt
00:04:12]} Rcd8 {[%clk 00:15:13]} {[%emt 00:32:44]} 25. Bxe6 {[%clk 00:40:22]}
{[%emt 00:04:39]} fxe6 {[%clk 00:14:47]} {[%emt 00:00:56]} 26. Ng4 {[%clk
00:39:18]} {[%emt 00:01:34]} Kh8 {[%clk 00:14:50]} {[%emt 00:00:27]} 27. Ree3
{[%clk 00:37:13]} {[%emt 00:02:35]} Rf8 {[%clk 00:14:39]} {[%emt 00:00:40]} 28.
Ref3 {[%clk 00:35:05]} {[%emt 00:02:38]} Rxf3 {[%clk 00:14:44]} {[%emt
00:00:26]} 29. Rxf3 {[%clk 00:35:17]} {[%emt 00:00:18]} Rf8 {[%clk 00:15:00]}
{[%emt 00:00:14]} 30. Qc3 {[%clk 00:32:31]} {[%emt 00:03:12]} Rxf3 {[%clk
00:14:48]} {[%emt 00:00:45]} 31. Qxf3 {[%clk 00:32:45]} {[%emt 00:00:16]} Kg8
{[%clk 00:15:18]} {[%emt 00:00:01]} 32. b5 {[%clk 00:27:16]} {[%emt 00:05:59]}
c5 {[%clk 00:13:09]} {[%emt 00:02:39]} 33. dxc5 {[%clk 00:23:18]} {[%emt
00:04:28]} bxc5 {[%clk 00:13:17]} {[%emt 00:00:21]} 34. Qc3 {[%clk 00:20:50]}
{[%emt 00:02:58]} c4 {[%clk 00:12:53]} {[%emt 00:00:55]} 35. Nd4 {[%clk
00:20:08]} {[%emt 00:01:11]} h5 {[%clk 00:11:44]} {[%emt 00:01:40]} 36. Nh2
{[%clk 00:09:57]} {[%emt 00:10:41]} Bxe5 {[%clk 00:11:38]} {[%emt 00:00:35]}
37. Nhf3 {[%clk 00:09:23]} {[%emt 00:01:05]} Bf6 {[%clk 00:08:55]} {[%emt
00:03:12]} 38. Qe3 {[%clk 00:07:48]} {[%emt 00:02:02]} e5 {[%clk 00:06:15]}
{[%emt 00:03:12]} 39. Nf5 {[%clk 00:06:40]} {[%emt 00:01:37]} Qc7 {[%clk
00:03:46]} {[%emt 00:02:59]} 40. Qxa7 {[%clk 00:04:21]} {[%emt 00:02:50]} Bd8
{[%clk 00:00:40]} {[%emt 00:03:37]} 41. Qe3 {[%clk 00:01:49]} {[%emt 00:03:00]}
Bf6 {[%clk 00:13:22]} {[%emt 00:17:49]} 42. N5d4 {[%clk 00:24:55]} {[%emt
00:07:25]} exd4 {[%clk 00:01:13]} {[%emt 00:12:39]} 43. Qe8+ {[%clk 00:25:12]}
{[%emt 00:00:12]} Kh7 {[%clk 00:01:33]} {[%emt 00:00:10]} 44. Qxh5+ {[%emt
00:02:09]} Kg8 45. Qe8+ Kh7 46. Qh5+ {[%emt 00:00:03]} 1/2-1/2